00306pab a2200133 454500008004000000100001400040245003500054260000900089300001200098362001100110650001400121700001700135773002000152180718b2003 xxu||||| |||| 00| 0 eng d aMange Ram aOnline public access catalogue c2003 ap.9-10. a25 Aug aCatlogues aSharma, S.K. aUniversity News